Una batalla perdida
Na minha lista:
| Formato: | Texto |
|---|---|
| Tags: |
Adicionar Tag
Sem tags, seja o primeiro a adicionar uma tag!
|
MARC
| LEADER | 00000 a a2200000 04500 | ||
|---|---|---|---|
| 001 | 4880 | ||
| 003 | |||
| 040 | |||
| 245 | |a Una batalla perdida | ||
| 773 | |g volumen 6, número 31; páginas 4-8 | ||
| 999 | |c 31133 |d 31133 | ||
